Bibliografía Pedagójica Chilena. Anotaciones. Para el Congreso Jeneral de Enseñanza Pública
Sparad:
| Huvudupphovsman: | |
|---|---|
| Materialtyp: | Bok |
| Språk: | spanska |
| Publicerad: |
Santiago
Imprenta Elzeviriana
1902
|
| Upplaga: | 1a. ed |
| Ämnen: | |
| Taggar: |
Lägg till en tagg
Inga taggar, Lägg till första taggen!
|
MARC
| LEADER | 00000nam a2200000 a 4500 | ||
|---|---|---|---|
| 001 | UCJ8647 | ||
| 003 | CL-VaPUC | ||
| 008 | 070124e19020000CL |||||||||||||||||spa|d | ||
| 082 | 0 | 4 | |a 010 |b PON |2 21 |
| 100 | 0 | |a Ponce, Manuel Antonio |e author |9 517527 | |
| 245 | 1 | 0 | |a Bibliografía Pedagójica Chilena. Anotaciones. Para el Congreso Jeneral de Enseñanza Pública |
| 250 | |a 1a. ed | ||
| 300 | |a 307 p | ||
| 942 | |c BK | ||
| 945 | |d 20070124 00:00:00 |a rinostro | ||
| 260 | |a Santiago |b Imprenta Elzeviriana |c 1902 | ||
| 500 | |a Aunque se trata de una bibliografía, trae interesante información acerca de la educación en Chile, con notas biográficas de educadores, educación diferencial, etc., etc. | ||
| 650 | 0 | |a Pedagogía |9 255351 | |
| 650 | 7 | |a BIBLIOGRAFIA PEDAGOGICA |2 CL-VaPUC |9 517528 | |
| 650 | 7 | |a EDUCACION-HISTORIA |2 CL-VaPUC |9 517529 | |
| 650 | 7 | |a EDUCADORES CHILENOS |2 CL-VaPUC |9 517530 | |
| 583 | |a last modification |c 20070124 00:00:00 |k Rodrigo Vera | ||
| 999 | |c 324317 |d 324315 | ||
| 952 | |0 0 |1 0 |4 0 |6 010_000000000000000_PON_1902 |7 0 |8 X |9 404403 |a FDOBUD |b FDOBUD |d 2019-11-22 |i 1081705 |o 010 PON 1902 |p 1081705 |r 2019-11-22 |w 2019-11-22 |y BK_X |k BUD | ||